00474nam a2200193 a 4500001001300000003000900013005001700022008004100039020000900080082001600089100002300105245002100128260003400149300000900183500003500192505001000227650002000237700002300257nice12345678IN_TiNIC20260116011803.0050524s0000 dela grp 000 0 urd  ac1200a297.33bREH aRehman, Mohd Azeez aAain-I-Amaliyaat aDelhibMaktaba Deeniyatc0000 a384p aincludes index and biblioraphy2 aNotes aOccultism-Islam1 aRehman, Mohd Azeez